Statistiques concernant Réponses avec le mot "Feu"

Cliquez ici pour prendre le quiz!

Statistiques générales

  • Ce quiz a été pris 622 fois
  • Le résultat moyen est 10 sur 15

Statistiques - réponses

IndiceRéponse% Correct
Mesure qui interdit de sortir de chez soi entre telle et telle heureLe couvre-feu
98%
Célèbre chanson de Johnny Hallyday sortie en 1998Allumer le feu
95%
Explosion en plein air d'une série de fusées colorées, généralement lors d'une fêteLe feu d'artifice
94%
Recette à base de viande de boeuf cuisant dans un bouillon de légumesLe pot-au-feu
92%
Autorise à passer lorsqu'il est vertLe feu tricolore
91%
Quatrième tome et volet de la série Harry PotterHarry Potter et la Coupe de feu
80%
Un fusil ou une carabineUne arme à feu
80%
Une interruption des hostilités pendant une guerreUn cessez-le-feu
79%
Outil informatique permettant de filtrer les données sur un ordinateurLe pare-feu
76%
Minéral produisant des étincelles sous l'effet d'un choc qui a inspiré le nom français d'une famille de dessin animé des années 60.La pierre à feu
65%
Autre nom donné au pompierSoldat du feu
57%
Expression qui signifie : Être imprudent, faire des choses dangereusesJouer avec le feu
44%
Pouvant brûler sur l'eau, il servait dans les combats navals durant l'Antiquité et le Moyen-ÂgeLe feu grégeois
30%
Film de Jean-Jacques Annaud se déroulant au PaléolithiqueLa Guerre du feu
28%
Film de Hugh Hudson sorti en 1981, s'inspirant de l'histoire de deux athlètes britanniques participant aux Jeux Olympiques de Paris en 1924Les Chariots de feu
23%

Distribution des résultats

Percentile par nombre de réponses

% des personnes avec chaque résultat

Votre développement - résultats

Vous n’avez pas pris ce quiz